<?xml version="1.0" encoding="UTF-8"?>
<record
    xmlns:xsi="http://www.w3.org/2001/XMLSchema-instance"
    xsi:schemaLocation="http://www.loc.gov/MARC21/slim http://www.loc.gov/standards/marcxml/schema/MARC21slim.xsd"
    xmlns="http://www.loc.gov/MARC21/slim">

  <leader>01618nam a2200277 a 4500</leader>
  <controlfield tag="001">215</controlfield>
  <controlfield tag="003">BD-RjUL</controlfield>
  <controlfield tag="005">20211208233130.0</controlfield>
  <controlfield tag="008">131116s1925    enk|   g      000 0 eng d</controlfield>
  <datafield tag="035" ind1=" " ind2=" ">
    <subfield code="a">(OCoLC)3339262</subfield>
  </datafield>
  <datafield tag="035" ind1=" " ind2=" ">
    <subfield code="a">ocm03339262</subfield>
    <subfield code="a">BD-RjUL 229</subfield>
  </datafield>
  <datafield tag="040" ind1=" " ind2=" ">
    <subfield code="a">DLC</subfield>
    <subfield code="c">KSU</subfield>
    <subfield code="d">m.c</subfield>
    <subfield code="d">SER</subfield>
    <subfield code="d">BD-RjUL</subfield>
    <subfield code="b">eng</subfield>
  </datafield>
  <datafield tag="041" ind1=" " ind2=" ">
    <subfield code="a">eng</subfield>
  </datafield>
  <datafield tag="082" ind1=" " ind2=" ">
    <subfield code="2">19</subfield>
    <subfield code="a"> 809</subfield>
    <subfield code="b">COL 1925</subfield>
  </datafield>
  <datafield tag="100" ind1="1" ind2=" ">
    <subfield code="a">Ker, W. P.</subfield>
    <subfield code="9">646</subfield>
  </datafield>
  <datafield tag="245" ind1="0" ind2="0">
    <subfield code="a">Collected essays :</subfield>
    <subfield code="c">W.P. Ker, edited with an introduction by Charles Whibley.</subfield>
  </datafield>
  <datafield tag="260" ind1=" " ind2=" ">
    <subfield code="a">London :</subfield>
    <subfield code="b">Macmillan,</subfield>
    <subfield code="c">1925.</subfield>
  </datafield>
  <datafield tag="300" ind1=" " ind2=" ">
    <subfield code="a">2 v. :</subfield>
    <subfield code="c">21 cm.</subfield>
  </datafield>
  <datafield tag="490" ind1=" " ind2=" ">
    <subfield code="v">V.2</subfield>
  </datafield>
  <datafield tag="505" ind1="0" ind2=" ">
    <subfield code="a">v. 1. Introduction by Charles Whibley. The Elizabethan voyagers. Dryden. The eighteenth century. Thomas Wharton. Horace Walpole. The politics of Burns. Joseph Ritson. Sir Walter Scott. Sir Walter Scott's Scotland. Quentin Durward; St. Ronan's well. Byron. Keats. Hazlitt. Tennyson. Browning. Essays in romantic literature. "Divina comedia." Italian romance: Boiardo. Tasso. Moli&#xE8;re.--v. 2. Pascal. Spanish and English ballads. Don Quixote. The Spanish story of the Armada. On the Danish ballads, I-II. Iceland and the humanities. The early historians of Norway. Gudmund Arason. Sturla the historian. J&#xF3;n Arason. Jacob Grimm. On the philosophy of art. Imagination and judgment. On the philosophy of history. Allegory and myth. Romance. On the value of the terms "Classical" and "Romantic" as applied to literature. The humanist ideal</subfield>
  </datafield>
  <datafield tag="526" ind1=" " ind2=" ">
    <subfield code="a">LITERATUER</subfield>
    <subfield code="b">ENGLISH LANGUAGE</subfield>
  </datafield>
  <datafield tag="650" ind1=" " ind2="0">
    <subfield code="a">Literature</subfield>
    <subfield code="x">History and criticism.</subfield>
    <subfield code="9">647</subfield>
  </datafield>
  <datafield tag="700" ind1="1" ind2=" ">
    <subfield code="a">Whibley, Charles,</subfield>
    <subfield code="d">1859-1930.</subfield>
    <subfield code="9">648</subfield>
  </datafield>
  <datafield tag="942" ind1=" " ind2=" ">
    <subfield code="2">ddc</subfield>
    <subfield code="c">BK</subfield>
  </datafield>
  <datafield tag="999" ind1=" " ind2=" ">
    <subfield code="c">215</subfield>
    <subfield code="d">215</subfield>
  </datafield>
  <datafield tag="952" ind1=" " ind2=" ">
    <subfield code="0">0</subfield>
    <subfield code="1">0</subfield>
    <subfield code="2">ddc</subfield>
    <subfield code="4">0</subfield>
    <subfield code="7">0</subfield>
    <subfield code="8">NFIC</subfield>
    <subfield code="a">RUCL</subfield>
    <subfield code="b">RUCL</subfield>
    <subfield code="c">reading</subfield>
    <subfield code="d">2008-09-03</subfield>
    <subfield code="e">U.S.A  Asia foundation</subfield>
    <subfield code="l">0</subfield>
    <subfield code="o">809 COL 1968</subfield>
    <subfield code="r">2013-11-13 00:00:00</subfield>
    <subfield code="t">C-2</subfield>
    <subfield code="w">2021-12-08</subfield>
    <subfield code="y">BK</subfield>
  </datafield>
</record>
